Statistics for Geographic Groups of 3

Click here to take the quiz!

General Stats

  • This quiz has been taken 107 times
  • The average score is 22 of 30

Answer Stats

Answer% Correct
Countries completely surrounded by another countryLesotho
97%
Longest rivers in AfricaNile
93%
Countries completely surrounded by another countryVatican City
93%
Countries with a unique first letterYemen
93%
Official languages of BelgiumFrench
91%
Official languages of BelgiumGerman
90%
Countries completely surrounded by another countrySan Marino
90%
World largest islandsGreenland
89%
Canada's Olympic games host citiesMontreal
89%
Countries with a unique first letterQatar
89%
Canada's Olympic games host citiesVancouver
88%
Countries with a unique first letterOman
87%
Official languages of BelgiumDutch
86%
Longest rivers in AfricaCongo
84%
Capitals of the Baltic statesTallinn
84%
Capitals of the Baltic statesRiga
82%
Capitals of the Baltic statesVilnius
76%
U.S. Pacific territoriesGuam
75%
Canada's Olympic games host citiesCalgary
65%
Seas of KoreaSea of Japan
63%
Longest rivers in AfricaNiger
56%
UK Crown DependenciesIsle of Man
55%
UK Crown DependenciesJersey
54%
U.S. Pacific territoriesAmerican Samoa
52%
UK Crown DependenciesGuernsey
52%
World largest islandsBorneo
46%
Seas of KoreaEast China Sea
46%
Seas of KoreaYellow Sea
46%
World largest islandsNew Guinea
44%
U.S. Pacific territoriesNorthern Mariana Islands
37%

Score Distribution

Percentile by Number Answered

Percent of People with Each Score

Your Score History

You have not taken this quiz